Tố Hữu về tác gia và tác phẩm

Đã lưu trong:
Bibliografiske detaljer
Hovedforfatter: Tố Hữu
Format: Bog
Sprog:Undetermined
Udgivet: Hà Nội Giáo dục 2007
Fag:
Tags: Tilføj Tag
Ingen Tags, Vær først til at tagge denne postø!
Thư viện lưu trữ: Trung tâm Học liệu Trường Đại học Cần Thơ
LEADER 00685nam a2200205Ia 4500
001 CTU_131768
008 210402s9999 xx 000 0 und d
020 |c 161000 
082 |a 809 
082 |b T450 
100 |a Tố Hữu 
245 0 |a Tố Hữu về tác gia và tác phẩm 
245 0 |c Tố Hữu, Phong Lan, Mai Phương tuyển chọn và giới thiệu 
260 |a Hà Nội 
260 |b Giáo dục 
260 |c 2007 
650 |a Văn học Việt Nam,Vietnamese literature 
650 |x Lịch sử và phê bình,History and criticism 
904 |i Tuyến 
980 |a Trung tâm Học liệu Trường Đại học Cần Thơ